| 000 | 03894nim a2200613 i 4500 | ||
|---|---|---|---|
| 001 | 197166 | ||
| 003 | ES-MaACL | ||
| 005 | 20250904205332.0 | ||
| 007 | ss zsnzzbimuez | ||
| 008 | 250430s1990 sp n || c spa | ||
| 035 | _a(SpMaBN)a3300835 | ||
| 035 | _a(OCoLC)431050857 | ||
| 040 |
_aSpMaBN _bspa _cSpMaBN _erdc |
||
| 245 | 0 | 0 |
_aCinco años de lucha contra la tortura _h[Grabacion sonora] : _bjornadas |
| 260 |
_aMadrid : _bAteneo de Madrid, _c1990 |
||
| 300 |
_a6 casetes (ca. 540 min) : _bson. ; _c11 cm. |
||
| 490 | 1 | _3Actos culturales en el Ateneo de Madrid. | |
| 505 | 0 | _aDía 19 de junio de 1990: conferencia titulada “Voces contra la tortura: Actuaciones y testimonios”, en la que participan Enrique de Castro, coordinadora de barrios; Mario Serrano, acope; Carlos Martín, salhaketa; y Fernando Salas, Asociación contra la Tortura. Asisten como observadores: David Braham, Amnesty International, y Denis Von Der Weid, S.O.S. Tortura. Cinta 1 y 2 que corresponden a las signaturas: AP/1077 y AP/1078. Día 20 de junio de 1990: conferencia titulada “La justicia ante la tortura: de la indiferencia a la impotencia”. Participan Gonzalo Martínez-Fresneda, abogado; Manuela Carmena, juez de vigilancia penitenciaria; Melchor Miralles, periodista; Joaquín Navarro, magistrado; José Ignacio Lacasta, profesor de filosofía del derecho moral y política; y Begoña Lalana, abogada. Cinta 1 y 2 que corresponden a la signatura AP/1078 y AP/1079. Día 22 de junio de 1990: conferencia titulada “Los ciudadanos ante la violencia del Estado: sumisión o respuesta”. Participan Valeriano Bozal, catedrático de historia del arte; Cristina Peña-Marín, profesora de ciencias de la información; Gonzalo Abril, profesor de ciencias de la información; Javier Muguerza, catedrático de ética; y Enrique Martínez Reguera psicólogo y educador de menores. Cintas 1 y 2 que corresponden a la signatura AP/1080 y AP/1081. | |
| 518 | _aGrabado el 19, 20 y 22 de junio de 1990 en el Ateneo de Madrid. | ||
| 520 | _aCiclo de conferencias tituladas “Voces contra la tortura: Actuaciones y testimonios”, “La justicia ante la tortura: de la indiferencia a la impotencia” y “Los ciudadanos ante la violencia del Estado: sumisión o respuesta”. | ||
| 540 | _aDocumento inédito. | ||
| 594 | _5Datos basados en la invitación. | ||
| 610 | 2 | 0 |
_aAteneo de Madrid- _xActos culturales- _y1990- _vGrabaciones sonoras _9240083 |
| 650 | 7 |
_aTortura- _zEspaña _9170082 |
|
| 653 | _aArchivo de la palabra | ||
| 655 | 0 |
_aConferencias _9234444 |
|
| 700 | 0 |
_aCastro, Enrique de _eora _936847 |
|
| 700 | 1 |
_aSalas, Fernando _eora _9101728 |
|
| 700 | 1 |
_aCarmena, Manuela, _d1944- _eora _9241349 |
|
| 700 |
_aMartínez Fresnada, Gonzalo _eora _9240184 |
||
| 700 | 0 |
_aMiralles, Melchor _eora _981488 |
|
| 700 | 0 |
_aNavarro, Joaquín _eora _985068 |
|
| 700 |
_aLacasta, José Ignacio _eora _9240185 |
||
| 700 |
_aSerrano, Mario _eora _9240186 |
||
| 700 |
_aMartin, Carlos _eora _9240188 |
||
| 700 | 1 |
_aLalana, Begoña _eora _9240187 |
|
| 700 | 1 |
_aBozal, Valeriano, _d1940-2023 _eora _9242225 |
|
| 700 | 0 |
_aPeña-Marín, Cristina _eora _990270 |
|
| 700 | 1 |
_aAbril, Gonzalo, _eora _918163 _d1951- |
|
| 700 | 0 |
_aMuguerza, Javier _eora _984074 |
|
| 700 | 0 |
_aMartínez Reguera, Enrique _eora _978349 |
|
| 710 | 2 |
_aAteneo de Madrid _91875 _ehis |
|
| 710 | 0 |
_aAsociación Contra la Tortura _91524 _eclb |
|
| 830 | 0 |
_aActos culturales en el Ateneo de Madrid _9240237 |
|
| 852 |
_aES-MaACL _cDEPOZ _pCinta 1 _9205176 |
||
| 852 |
_aES-MaACL _cDEPOZ _9205177 _pCinta 2 |
||
| 852 |
_aES-MaACL _cDEPOZ _9205178 _pCinta 1 |
||
| 852 |
_aES-MaACL _cDEPOZ _9205179 _pCinta 2 |
||
| 852 |
_aES-MaACL _cDEPOZ _9205180 _pCinta 2 |
||
| 852 |
_aES-MaACL _cDEPOZ _9205181 _pCinta 2 |
||
| 942 |
_2udc _cCINTASAUD _n0 |
||
| 999 |
_c197166 _d197166 |
||